00247nam a22000977a 4500020001800000082001600018100002000034245003300054260005400087300000800141 a81-7435-122-5 a297.61AZI 2 aBadr, Azimabadi aGreat Personalities in Islam aNew DelhibAdam Publishers and Distributorsc2012 a596